Surveying the social world (Record no. 522138)

MARC details
000 -LEADER
fixed length control field 00826nam a2200265Ia 4500
003 - CONTROL NUMBER IDENTIFIER
control field OSt
005 - DATE AND TIME OF LATEST TRANSACTION
control field 20220925192430.0
008 - FIXED-LENGTH DATA ELEMENTS--GENERAL INFORMATION
fixed length control field 220923b |||||||| |||| 00| 0 eng d
020 ## - INTERNATIONAL STANDARD BOOK NUMBER
International Standard Book Number 0335202411
037 ## - SOURCE OF ACQUISITION
Terms of availability General Book
040 ## - CATALOGING SOURCE
Original cataloging agency RTL
Transcribing agency RTL
Language of cataloging eng
041 ## - LANGUAGE CODE
Source of code eng
Language code of text/sound track or separate title eng
100 ## - MAIN ENTRY--PERSONAL NAME
Personal name Aldridge Alan
9 (RLIN) 245156
245 #0 - TITLE STATEMENT
Title Surveying the social world
Remainder of title Principles and practice in Survey Research
260 ## - PUBLICATION, DISTRIBUTION, ETC.
Place of publication, distribution, etc. Buckingham
Name of publisher, distributor, etc. Open University
Date of publication, distribution, etc. 2001
300 ## - PHYSICAL DESCRIPTION
Extent xii,196p
Dimensions cm.
490 ## - SERIES STATEMENT
Series statement Understanding Social Research
500 ## - GENERAL NOTE
General note Bibliography : P190-193; Appendix : P184-189; Glossary : P 176-183
700 ## - ADDED ENTRY--PERSONAL NAME
Personal name Levine Ken
9 (RLIN) 245157
942 ## - ADDED ENTRY ELEMENTS (KOHA)
Classification part Yb4, P1
Koha item type General Books
Source of classification or shelving scheme Colon Classification (CC)

No items available.

Copyright @ Delhi University Library System